[Event "XIII American Continental"]
[Site "Montevideo URU"]
[Date "2018.06.04"]
[Round "5"]
[White "Hoffman, Alejandro"]
[Black "Carvalho, Guillermo"]
[Result "1-0"]
[WhiteElo "2475"]
[BlackElo "2195"]
[EventDate "2018.06.01"]
[PlyCount "105"]

1.Nf3 d5 2.c4 e6 3.g3 Nf6 4.Bg2 Be7 5.O-O O-O 6.d4 b6 7.cxd5 exd5 8.Nc3 
Bb7 9.Bf4 c6 10.Qc2 Na6 11.Rad1 Re8 12.a3 Nc7 13.Be5 Bd6 14.e3 Qe7 15.Rfe1
Bxe5 16.Nxe5 Nd7 17.Nd3 Nf6 18.b4 g6 19.Qb3 Nb5 20.Nxb5 cxb5 21.Ne5 Rec8 
22.Bh3 Rc7 23.f3 Bc8 24.Bf1 a6 25.a4 Bd7 26.Nxd7 Qxd7 27.axb5 axb5 28.Qd3 
Ra4 29.Qxb5 Rc2 30.Qd3 Qc7 31.b5 Raa2 32.Re2 Rc3 33.Rxa2 Rxd3 34.Rxd3 g5 
35.g4 h5 36.gxh5 Nxh5 37.Rg2 f6 38.f4 Kg7 39.fxg5 fxg5 40.Rxg5+ Kh6 41.
Rxd5 Nf6 42.Rf5 Ng4 43.Rf4 Nxe3 44.Rf3 Nxf1 45.Rxf1 Qc4 46.Rh3+ Kg5 47.
Rg3+ Kh4 48.Rf4+ Kh5 49.Rgf3 Qg8+ 50.Kf2 Qa2+ 51.Kg3 Qg8+ 52.Kh3 Qc4 53.
Rf6 1-0

[Event "XIII American Continental"]
[Site "Montevideo URU"]
[Date "2018.06.04"]
[Round "5"]
[White "Pacheco, Daniel"]
[Black "Cori Quispe, Kevin Joel"]
[Result "0-1"]
[WhiteElo "2256"]
[BlackElo "2468"]
[EventDate "2018.06.01"]
[PlyCount "68"]

1.d4 Nf6 2.g3 e6 3.Bg2 d5 4.Nf3 b5 5.O-O Be7 6.Nbd2 Nbd7 7.e4 O-O 8.e5 Ne8
9.Nb3 c5 10.dxc5 Nxc5 11.Nfd4 Bd7 12.Be3 Qc7 13.f4 a5 14.f5 exf5 15.Nxf5 
Bxf5 16.Rxf5 Nxb3 17.axb3 Bc5 18.Bxc5 Qxc5+ 19.Kh1 Nc7 20.c4 Rad8 21.Qf1 
bxc4 22.bxc4 Qb6 23.Rd1 d4 24.Qf2 a4 25.h4 a3 26.bxa3 Qb3 27.Qf3 Qxc4 28.
Bf1 Qe6 29.Bd3 g6 30.Qg4 Nd5 31.Rdf1 Ne3 32.Qg5 h6 33.Qxh6 gxf5 34.Qh5 Qg6
0-1

[Event "XIII American Continental"]
[Site "Montevideo URU"]
[Date "2018.06.04"]
[Round "5"]
[White "Vazquez Colman, Guillermo"]
[Black "Arias Bouzada, Jorge"]
[Result "1-0"]
[WhiteElo "2436"]
[BlackElo "2097"]
[EventDate "2018.06.01"]
[PlyCount "49"]

1.Nf3 c5 2.c4 Nf6 3.Nc3 g6 4.d4 cxd4 5.Nxd4 Bg7 6.e4 Nc6 7.Be3 O-O 8.Be2 
d6 9.O-O Bd7 10.Qd2 Nxd4 11.Bxd4 Bc6 12.f3 a5 13.b3 Nd7 14.Bf2 Nc5 15.Rab1
h5 16.Bd1 Qb8 17.a3 Rc8 18.b4 axb4 19.axb4 Ra3 20.Rc1 Na4 21.Bxa4 Bxa4 22.
Nd5 Kf8 23.b5 Bb3 24.Nb6 Rc7 25.Qb4 1-0

[Event "XIII American Continental"]
[Site "Montevideo URU"]
[Date "2018.06.04"]
[Round "5"]
[White "Cervantes Landeiro, Thalia"]
[Black "Pierrot, Facundo"]
[Result "0-1"]
[WhiteElo "2087"]
[BlackElo "2392"]
[EventDate "2018.06.01"]
[PlyCount "80"]

1.d4 Nf6 2.c4 e6 3.Nc3 Bb4 4.e3 O-O 5.Bd3 d5 6.cxd5 exd5 7.Ne2 Re8 8.O-O 
Bd6 9.Bd2 Nbd7 10.Rc1 a6 11.Nf4 c6 12.h3 Nf8 13.Qf3 Ng6 14.Nxg6 hxg6 15.
Rfe1 Bc7 16.e4 dxe4 17.Nxe4 Nxe4 18.Rxe4 Rxe4 19.Qxe4 Bf5 20.Qe3 Be6 21.
Bc4 Bxc4 22.Rxc4 Qd7 23.Rc1 Re8 24.Qc3 Re4 25.Be3 Qd6 26.g3 Qe6 27.Kg2 
Qxa2 28.b3 Qe2 29.Re1 Qb5 30.Qc4 Qf5 31.Qe2 Bb6 32.Qd2 Qd5 33.f3 Re6 34.b4
a5 35.Bf2 Rxe1 36.Qxe1 a4 37.Qe8+ Kh7 38.Qa8 Qa2 39.Kg1 Qb1+ 40.Kg2 Qb2 
0-1

[Event "XIII American Continental"]
[Site "Montevideo URU"]
[Date "2018.06.04"]
[Round "5"]
[White "Andrade, Roberto Luiz Costa"]
[Black "Soto Vega, Jorge"]
[Result "0-1"]
[WhiteElo "2060"]
[BlackElo "2357"]
[EventDate "2018.06.01"]
[PlyCount "70"]

1.e4 e5 2.Nf3 d6 3.d4 Nf6 4.Nc3 Nbd7 5.g4 Nxg4 6.Rg1 exd4 7.Nxd4 Nge5 8.
Bg5 Nf6 9.Bxf6 gxf6 10.Qh5 c6 11.O-O-O a6 12.Kb1 Qc7 13.Be2 Bd7 14.f4 Ng6 
15.Bc4 O-O-O 16.Bxf7 Nxf4 17.Qh4 d5 18.exd5 Bd6 19.Qxf6 cxd5 20.Bxd5 Kb8 
21.Bb3 Be5 22.Qh4 Ng6 23.Qh5 Bxh2 24.Rh1 Be5 25.Nd5 Qc5 26.Nf3 Bd6 27.Nf6 
Bc6 28.Bd5 Nf4 29.Qg5 h6 30.Rxh6 Rxh6 31.Ne4 Qa5 32.Qxh6 Bxd5 33.Nc3 Bc7 
34.Nd4 Bg2 35.Nc6+ Bxc6 0-1

[Event "XIII American Continental"]
[Site "Montevideo URU"]
[Date "2018.06.04"]
[Round "5"]
[White "Mariani, Daniel Brandao"]
[Black "Lujan, Carolina"]
[Result "1-0"]
[WhiteElo "2055"]
[BlackElo "2341"]
[EventDate "2018.06.01"]
[PlyCount "91"]

1.c4 Nf6 2.Nc3 d5 3.cxd5 Nxd5 4.g3 g6 5.Bg2 Nxc3 6.bxc3 Bg7 7.Nf3 O-O 8.
O-O c5 9.Rb1 Nc6 10.Qa4 Qc7 11.Qh4 Ne5 12.d4 Nxf3+ 13.Bxf3 Qa5 14.Qxe7 Bh3
15.Rd1 cxd4 16.cxd4 Rae8 17.Qh4 Qxa2 18.Rxb7 Rxe2 19.Qxh3 Rxf2 20.g4 Re8 
21.Rxa7 Qc2 22.Rxf7 Kxf7 23.Bd5+ Ke7 24.Qa3+ Kd7 25.Qa7+ Kd6 26.Qc5+ Kd7 
27.Bc6+ Kc8 28.Bxe8+ Qxc5 29.dxc5 Rc2 30.Be3 Re2 31.Bd7+ Kc7 32.Bf4+ Be5 
33.Bxe5+ Rxe5 34.c6 h5 35.h3 h4 36.Kf2 Rc5 37.Rd3 Rc2+ 38.Kf3 Rh2 39.Kf4 
Rg2 40.Ke4 Rg1 41.Kf4 Rg2 42.Rc3 Rg1 43.Rf3 Kd6 44.Kg5 Rg3 45.Rf6+ Ke7 46.
Re6+ 1-0

[Event "XIII American Continental"]
[Site "Montevideo URU"]
[Date "2018.06.04"]
[Round "5"]
[White "Varacalli, Francisco"]
[Black "Manzi, Luiz Antonio Bardaro"]
[Result "1-0"]
[WhiteElo "2312"]
[BlackElo "2030"]
[EventDate "2018.06.01"]
[PlyCount "71"]

1.e4 Nf6 2.e5 Nd5 3.c4 Nb6 4.d4 d6 5.exd6 cxd6 6.Nc3 g6 7.Be3 Bg7 8.Rc1 
O-O 9.b3 e6 10.Nf3 Nc6 11.Be2 Bd7 12.Qd2 e5 13.dxe5 dxe5 14.c5 Nc8 15.Rd1 
Bg4 16.h3 Qxd2+ 17.Rxd2 Bxf3 18.gxf3 N8e7 19.Rd7 Rab8 20.O-O Nf5 21.Bc4 
Nb4 22.Rfd1 Nc2 23.Bg5 Ncd4 24.Kg2 b6 25.Rxa7 bxc5 26.Ne4 Rbc8 27.Rd3 h5 
28.a4 Rc6 29.a5 h4 30.Bd5 Rcc8 31.a6 Bh6 32.Bxh6 Nxh6 33.Rd2 Kg7 34.Rd7 
Nc6 35.a7 Nd4 36.Ra2 1-0

[Event "XIII American Continental"]
[Site "Montevideo URU"]
[Date "2018.06.04"]
[Round "5"]
[White "Garmendia Vega, Gabriel"]
[Black "Colas, Joshua"]
[Result "0-1"]
[WhiteElo "2029"]
[BlackElo "2285"]
[EventDate "2018.06.01"]
[PlyCount "88"]

1.e4 c5 2.Nf3 e6 3.d4 cxd4 4.Nxd4 a6 5.Bd3 Nf6 6.O-O Qc7 7.Qe2 d6 8.f4 Nc6
9.Nxc6 bxc6 10.Nd2 d5 11.c4 Bc5+ 12.Kh1 O-O 13.e5 Nd7 14.Nf3 g6 15.f5 exf5
16.Bf4 Nb6 17.Ng5 Qe7 18.Rae1 dxc4 19.Bxc4 Nxc4 20.Qxc4 a5 21.Rf3 Ba6 22.
Qc1 Bb4 23.Nxh7 Kxh7 24.Rh3+ Kg8 25.Bg5 f6 26.Bxf6 Rxf6 27.Qh6 Qg7 28.
Qxg7+ Kxg7 29.exf6+ Kxf6 30.Rc1 Bb5 31.a3 Bd2 32.Rd1 Re8 33.Kg1 Re2 34.Rh8
Be3+ 35.Kh1 Rxb2 36.h4 Bc5 37.Rdd8 Bf1 38.h5 Bxg2+ 39.Kh2 gxh5 40.Kg3 Bd5 
41.Rxh5 Bf2+ 42.Kf4 Ke7 43.Ra8 Be1 44.Kxf5 Rf2+ 0-1

[Event "XIII American Continental"]
[Site "Montevideo URU"]
[Date "2018.06.04"]
[Round "5"]
[White "Sauvageot Ledezma, Diego"]
[Black "Salinas Herrera, Pablo"]
[Result "0-1"]
[WhiteElo "2084"]
[BlackElo "2463"]
[EventDate "2018.06.01"]
[PlyCount "100"]

1.d4 d5 2.c4 Nf6 3.Nc3 e6 4.Nf3 a6 5.e3 dxc4 6.Bxc4 b5 7.Bb3 Bb7 8.O-O 
Nbd7 9.Qe2 c5 10.Rd1 Qb8 11.e4 cxd4 12.Nxd4 Bd6 13.h3 O-O 14.a3 Rc8 15.Bg5
Rxc3 16.bxc3 Nxe4 17.Bd2 Ndf6 18.Be1 Nc5 19.Bc2 Bd5 20.Rab1 Qc7 21.Bd2 Rc8
22.Rb4 Ncd7 23.Bd3 Nb6 24.Bg5 Nbd7 25.Bd2 Qa7 26.Be3 Qa8 27.Qf1 Rxc3 28.
Rc1 Rxa3 29.Nc2 Rc3 30.Rh4 Rc8 31.Ne1 Rxc1 32.Bxc1 Ne5 33.Bb2 Ng6 34.Bxg6 
hxg6 35.Qd3 g5 36.Bxf6 gxh4 37.Bxh4 Qc6 38.Bg3 Bf8 39.Kh2 b4 40.Qd4 b3 41.
Nd3 a5 42.Qa7 Qa8 43.Qd7 Bc6 44.Qc7 a4 45.Be5 Bxg2 46.Nf4 Be4 47.Qc3 Qc6 
48.Qg3 Qc1 49.f3 Bg6 50.Nxg6 Qc2+ 0-1

[Event "XIII American Continental"]
[Site "Montevideo URU"]
[Date "2018.06.04"]
[Round "5"]
[White "Mosconi, Ariel"]
[Black "Campora, Daniel Hugo"]
[Result "1/2-1/2"]
[WhiteElo "2073"]
[BlackElo "2424"]
[EventDate "2018.06.01"]
[PlyCount "109"]

1.Nf3 d5 2.c4 d4 3.b4 g6 4.d3 Bg7 5.Nbd2 e5 6.g3 Ne7 7.Bg2 O-O 8.O-O h6 9.
Rb1 Nd7 10.a4 Rb8 11.Ba3 Re8 12.Ne1 b6 13.Nc2 Bb7 14.Bxb7 Rxb7 15.b5 Rb8 
16.Bxe7 Qxe7 17.Nb4 Qe6 18.e4 dxe3 19.fxe3 Rbc8 20.Nd5 Kh7 21.Ne4 f5 22.
Nf2 Rf8 23.Qd2 e4 24.d4 c6 25.bxc6 Rxc6 26.Rbc1 Rf7 27.Nh3 g5 28.Qg2 Rc8 
29.Nf2 g4 30.Nxg4 fxg4 31.Rxf7 Qxf7 32.Qxe4+ Kh8 33.Qxg4 Rf8 34.Nf4 Kg8 
35.a5 Re8 36.axb6 axb6 37.Rf1 Nf6 38.Qe2 Qe7 39.Ng2 Ne4 40.Qh5 Ng5 41.Qg6 
Qe6 42.Qxe6+ Rxe6 43.Rf5 Rc6 44.c5 bxc5 45.Rxc5 Ra6 46.Rc8+ Kh7 47.Nh4 
Ra1+ 48.Kg2 Ra2+ 49.Kg1 Bf6 50.Rc7+ Kg8 51.Rc8+ Kf7 52.Rc4 Ke8 53.Rc6 Nh3+
54.Kh1 Kf7 55.Rc7+ 1/2-1/2

[Event "XIII American Continental"]
[Site "Montevideo URU"]
[Date "2018.06.04"]
[Round "5"]
[White "Okamura, Milton Kasuo"]
[Black "Aranha Filho, Alvaro Zimmermann"]
[Result "1-0"]
[WhiteElo "2050"]
[BlackElo "2304"]
[EventDate "2018.06.01"]
[PlyCount "63"]

1.d4 Nf6 2.c4 g6 3.Nc3 d5 4.cxd5 Nxd5 5.e4 Nxc3 6.bxc3 Bg7 7.Be3 c5 8.Qd2 
Qa5 9.Rc1 O-O 10.Nf3 Bg4 11.Be2 Rd8 12.d5 Nc6 13.O-O e6 14.Bg5 Rd7 15.Qf4 
Bxf3 16.dxc6 Bxe2 17.cxd7 Bxf1 18.Rd1 f6 19.Bxf6 Bxf6 20.Qxf6 Rd8 21.Qxe6+
Kh8 22.Rxf1 Qb6 23.Qxb6 axb6 24.Rd1 b5 25.e5 Kg7 26.Kf1 g5 27.Ke2 c4 28.
Ke3 b6 29.f3 Kf7 30.g3 h6 31.f4 Ke7 32.f5 1-0

[Event "XIII American Continental"]
[Site "Montevideo URU"]
[Date "2018.06.04"]
[Round "5"]
[White "Foisor, Sabina-Francesca"]
[Black "Guerrero, Alvaro"]
[Result "1-0"]
[WhiteElo "2301"]
[BlackElo "2116"]
[EventDate "2018.06.01"]
[PlyCount "107"]

1.d4 f5 2.c4 g6 3.h4 Bg7 4.h5 Nf6 5.h6 Bf8 6.Nc3 d6 7.Nf3 e6 8.Bf4 Be7 9.
e3 O-O 10.Qc2 Ng4 11.Bg3 Nd7 12.O-O-O a6 13.c5 d5 14.Ne2 Ndf6 15.Ne5 c6 
16.Nc3 Nxe5 17.Bxe5 Ng4 18.Bg3 Qe8 19.Be2 Nf6 20.f3 Nd7 21.e4 b6 22.exd5 
exd5 23.Qb3 f4 24.Bf2 Rb8 25.Qa4 Nf6 26.Bd3 Qd7 27.Qc2 Kh8 28.Rde1 Bd8 29.
Bh4 bxc5 30.dxc5 Qf7 31.Ne2 Ba5 32.Rd1 Bc7 33.Qc3 Qe7 34.Nd4 Qe3+ 35.Rd2 
Be5 36.Bc2 Rb5 37.Re1 Bxd4 38.Qxd4 Qxd4 39.Rxd4 Ng8 40.Bg5 Rxc5 41.Kd2 Rc4
42.Rxc4 dxc4 43.Kc3 Bf5 44.Bxf4 Nf6 45.Be5 Kg8 46.Bxf6 Rxf6 47.Re8+ Kf7 
48.Rh8 Bxc2 49.Rxh7+ Ke6 50.Kxc2 Kf5 51.Rc7 g5 52.h7 Rh6 53.g4+ Ke5 54.Kc3
1-0

[Event "XIII American Continental"]
[Site "Montevideo URU"]
[Date "2018.06.04"]
[Round "5"]
[White "Kimelman Bercovici, Gabriel"]
[Black "Santos Filho, Tadeu Sousa"]
[Result "0-1"]
[WhiteElo "2279"]
[BlackElo "2096"]
[EventDate "2018.06.01"]
[PlyCount "80"]

1.c4 Nf6 2.g3 g6 3.Bg2 Bg7 4.Nc3 O-O 5.Nf3 d6 6.O-O e5 7.d3 Nc6 8.Rb1 a5 
9.a3 Nd4 10.b4 axb4 11.axb4 c6 12.Nd2 Be6 13.e3 Nf5 14.Nb3 Qc7 15.Qc2 Rfe8
16.Bb2 Qb6 17.b5 d5 18.c5 Qd8 19.d4 Nd7 20.Qd2 Bh6 21.f4 exd4 22.exd4 Bg7 
23.Ra1 Qf6 24.Ne2 Bf8 25.Na5 Bg7 26.bxc6 bxc6 27.Bc3 Rec8 28.Rfb1 Rc7 29.
Rb3 Qe7 30.Nc1 Nf6 31.Nxc6 Rxc6 32.Rxa8+ Bc8 33.Rbb8 Qe6 34.Qe2 Qd7 35.Nd3
Ne4 36.Bxe4 dxe4 37.Qxe4 Nxd4 38.Bxd4 Bxd4+ 39.Kg2 Qh3+ 40.Kf3 Qf1+ 0-1

[Event "XIII American Continental"]
[Site "Montevideo URU"]
[Date "2018.06.04"]
[Round "5"]
[White "Larrea, Manuel"]
[Black "Restuccia, Francisco"]
[Result "1-0"]
[WhiteElo "2268"]
[BlackElo "2094"]
[EventDate "2018.06.01"]
[PlyCount "63"]

1.e4 c5 2.c3 d5 3.exd5 Qxd5 4.d4 Nc6 5.Be3 Bf5 6.dxc5 Qxd1+ 7.Kxd1 Nf6 8.
Bb5 Nd5 9.Nf3 O-O-O 10.Ke2 Nxe3 11.fxe3 e5 12.b4 e4 13.Bxc6 bxc6 14.Nd4 
Bg4+ 15.Kf2 f5 16.Nxc6 Rd3 17.Ne5 Rd5 18.Nxg4 fxg4 19.Ke2 Be7 20.Nd2 Re8 
21.Rad1 Bf6 22.Nc4 Rxd1 23.Rxd1 Kc7 24.Nd6 Re7 25.g3 Kc6 26.Nf5 Re5 27.
Nd4+ Kc7 28.Kf2 h5 29.Nb5+ Kb8 30.Rd7 a6 31.Nd6 Rd5 32.c6 1-0

[Event "XIII American Continental"]
[Site "Montevideo URU"]
[Date "2018.06.04"]
[Round "5"]
[White "Jodorcovsky Werjivker, Paulo"]
[Black "Izquierdo, Daniel"]
[Result "1-0"]
[WhiteElo "2249"]
[BlackElo "2078"]
[EventDate "2018.06.01"]
[PlyCount "109"]

1.d4 Nf6 2.c4 c5 3.d5 e5 4.Nc3 d6 5.e4 Be7 6.Nf3 O-O 7.h3 Na6 8.a3 Bd7 9.
Bd3 Ne8 10.Rb1 g6 11.Bh6 Ng7 12.g4 Qa5 13.Qd2 Nc7 14.Ke2 b5 15.Nxb5 Qxd2+ 
16.Nxd2 Nxb5 17.cxb5 Rfb8 18.b4 Bxb5 19.bxc5 Bxd3+ 20.Kxd3 dxc5 21.Bxg7 
Kxg7 22.Nc4 f6 23.Rhd1 Kf7 24.Kc2 Bd8 25.Rxb8 Rxb8 26.Rb1 Rxb1 27.Kxb1 Bc7
28.Kc2 f5 29.f3 Kf6 30.Kd3 h5 31.gxh5 gxh5 32.Ne3 f4 33.Nf5 a6 34.Kc4 Bb6 
35.h4 Kf7 36.Nd6+ Kf8 37.a4 Bd8 38.Nf5 Bb6 39.d6 Kf7 40.Kd5 c4 41.Kxc4 Ke6
42.Kb4 Kd7 43.Ng7 Kc6 44.Kc4 Bd8 45.Nxh5 Bxh4 46.Ng7 Bf6 47.Nf5 Bd8 48.Nh6
Bb6 49.Nf7 Bd4 50.d7 Kxd7 51.Kd5 Ke7 52.Nxe5 Bb6 53.Ng6+ Kd7 54.Nxf4 Be3 
55.Ne6 1-0

[Event "XIII American Continental"]
[Site "Montevideo URU"]
[Date "2018.06.04"]
[Round "5"]
[White "Torella, Rodolfo"]
[Black "Betaneli, Alexander"]
[Result "0-1"]
[WhiteElo "2016"]
[BlackElo "2246"]
[EventDate "2018.06.01"]
[PlyCount "104"]

1.e4 e5 2.Nf3 Nc6 3.Bb5 a6 4.Ba4 d6 5.c3 Bd7 6.O-O g6 7.d4 Bg7 8.h3 Nf6 9.
Re1 O-O 10.Nbd2 Re8 11.a3 Qe7 12.Bc2 Qf8 13.Nf1 Kh8 14.Ng3 Bh6 15.b4 Bxc1 
16.Qxc1 Qg7 17.Qd2 Nh5 18.Ne2 Rad8 19.Rad1 Rf8 20.dxe5 dxe5 21.Qe3 f5 22.
exf5 gxf5 23.Qg5 Qxg5 24.Nxg5 h6 25.Nf3 Kg7 26.Bb3 Kf6 27.Rd2 Bc8 28.Red1 
Rxd2 29.Rxd2 Be6 30.Bxe6 Kxe6 31.Kf1 Nf6 32.c4 Ne4 33.Rc2 Rd8 34.Nc3 Rd3 
35.Nd5 Rxa3 36.Nxc7+ Kd6 37.Ne8+ Ke7 38.Nc7 Kf6 39.Nd5+ Kf7 40.Nc7 Ng5 41.
b5 Nxf3 42.bxc6 Ra1+ 43.Ke2 Nd4+ 44.Kd2 Nxc6 45.Nd5 Rb1 46.Nc3 Rb3 47.Na4 
Nb4 48.Rc1 Ra3 49.Nc5 b6 50.Nb7 Rd3+ 51.Ke2 Rd7 52.Rb1 a5 0-1

[Event "XIII American Continental"]
[Site "Montevideo URU"]
[Date "2018.06.04"]
[Round "5"]
[White "Vergara Jofre, Felipe"]
[Black "Medrano, Mario"]
[Result "1-0"]
[WhiteElo "2245"]
[BlackElo "2073"]
[EventDate "2018.06.01"]
[PlyCount "79"]

1.e4 c5 2.Nf3 d6 3.d4 cxd4 4.Nxd4 Nf6 5.Nc3 a6 6.f3 e5 7.Nb3 Be6 8.Be3 h5 
9.Qd2 Nbd7 10.O-O-O Be7 11.Kb1 Rc8 12.a3 Nb6 13.Bg5 Qc7 14.h4 d5 15.Bxf6 
gxf6 16.Nxd5 Bxd5 17.exd5 Rd8 18.Qa5 f5 19.c4 Rh6 20.Be2 Rc8 21.Rc1 f4 22.
Bd3 Nd7 23.Qa4 Kf8 24.c5 Nxc5 25.Nxc5 Bxc5 26.Bf5 Rd8 27.Qc4 Rf6 28.Bh3 b6
29.b4 Qb7 30.bxc5 bxc5+ 31.Ka1 Rxd5 32.Rhd1 Rfd6 33.Rxd5 Rxd5 34.Bc8 Qc6 
35.Qxa6 Qc7 36.Qc4 Qc6 37.Bf5 Qa8 38.a4 Rd6 39.Bc2 Qa5 40.Bb3 1-0

[Event "XIII American Continental"]
[Site "Montevideo URU"]
[Date "2018.06.04"]
[Round "5"]
[White "Caceres Vasquez, Sergio"]
[Black "Carbone, Diego"]
[Result "0-1"]
[WhiteElo "2041"]
[BlackElo "2242"]
[EventDate "2018.06.01"]
[PlyCount "100"]

1.d4 Nf6 2.c4 g6 3.Nc3 d5 4.Bf4 Bg7 5.e3 c5 6.dxc5 Qa5 7.Rc1 dxc4 8.Bxc4 
O-O 9.Nf3 Qxc5 10.Bb3 Nc6 11.O-O Qa5 12.h3 Bf5 13.Qe2 Ne4 14.Nd5 e5 15.
Rxc6 bxc6 16.Ne7+ Kh8 17.Nxc6 Qb6 18.Ncxe5 Be6 19.Bxe6 Qxe6 20.Nc4 Rac8 
21.b3 Rfd8 22.Rd1 Nc3 23.Rxd8+ Rxd8 24.Qc2 Qe4 25.Qxe4 Rd1+ 26.Kh2 Nxe4 
27.Ng5 Nxg5 28.Bxg5 Ra1 29.a3 Rb1 30.Na5 a6 31.Be7 Be5+ 32.f4 Bc3 33.b4 
Ra1 34.Nc4 Rc1 35.Na5 Bb2 36.a4 Bc3 37.Bc5 Ra1 38.Kg3 Rxa4 39.Nc6 Ra2 40.
Kf3 h5 41.g4 h4 42.Nb8 Be1 43.g5 Kg8 44.Nd7 Rf2+ 45.Ke4 Bc3 46.Nb8 Rh2 47.
Kf3 Rxh3+ 48.Kg2 Rg3+ 49.Kf2 Rg4 50.Kf3 h3 0-1

[Event "XIII American Continental"]
[Site "Montevideo URU"]
[Date "2018.06.04"]
[Round "5"]
[White "Benoit, Rodrigo"]
[Black "Saralegui, Mario"]
[Result "1/2-1/2"]
[WhiteElo "2238"]
[BlackElo "2069"]
[EventDate "2018.06.01"]
[PlyCount "51"]

1.d4 d5 2.Nf3 Nf6 3.c4 c6 4.e3 a6 5.b3 Bg4 6.Be2 b5 7.O-O e6 8.Nc3 Bd6 9.
Bb2 Nbd7 10.h3 Bh5 11.Nb1 O-O 12.Nbd2 Qb8 13.Bc3 c5 14.dxc5 Bxc5 15.b4 Be7
16.c5 Rc8 17.Nb3 Ne4 18.Bb2 Bf6 19.Nbd4 Qc7 20.a3 Rcb8 21.Qc1 Bg6 22.Re1 
h6 23.Nb3 Ne5 24.Nxe5 Bxe5 25.Bd4 Bxd4 26.Nxd4 1/2-1/2

[Event "XIII American Continental"]
[Site "Montevideo URU"]
[Date "2018.06.04"]
[Round "5"]
[White "Izquierdo, Sebastian"]
[Black "Coppola, Claudio"]
[Result "1/2-1/2"]
[WhiteElo "1992"]
[BlackElo "2228"]
[EventDate "2018.06.01"]
[PlyCount "90"]

1.c4 Nf6 2.Nc3 c5 3.g3 d5 4.cxd5 Nxd5 5.Bg2 Nc7 6.d3 Nc6 7.Be3 e5 8.Bxc6+ 
bxc6 9.Qa4 Bd7 10.Nf3 f6 11.O-O Nd5 12.Bd2 Nxc3 13.Bxc3 Be7 14.Rac1 O-O 
15.Rc2 Bh3 16.Rfc1 Qd5 17.Qc4 a5 18.e4 Qf7 19.Qxf7+ Kxf7 20.Bd2 Rfd8 21.
Ne1 a4 22.Be3 Rab8 23.b3 axb3 24.axb3 Rxb3 25.Bxc5 Bxc5 26.Rxc5 Rd6 27.
R5c3 Rb2 28.R3c2 Rb6 29.f3 Bc8 30.Kf2 Ba6 31.Ke3 Ke7 32.Ra1 Kd7 33.Rcc1 
Kc7 34.Rcb1 c5 35.Rxb6 Rxb6 36.Kd2 g6 37.Kc3 f5 38.Ra5 Kd6 39.Nc2 fxe4 40.
fxe4 Rc6 41.Ne3 Ke6 42.Nd5 Kf7 43.Ne3 h5 44.Nc4 Kf6 45.h4 Ke6 1/2-1/2

[Event "XIII American Continental"]
[Site "Montevideo URU"]
[Date "2018.06.04"]
[Round "5"]
[White "Borges, Guilherme Deola"]
[Black "Pomar, Marcelo Nascimento"]
[Result "1-0"]
[WhiteElo "2219"]
[BlackElo "2037"]
[EventDate "2018.06.01"]
[PlyCount "69"]

1.d4 e6 2.c4 b6 3.Nc3 Bb4 4.Nf3 Bb7 5.Bg5 f6 6.Bh4 Ne7 7.Qb3 Nbc6 8.a3 
Bxc3+ 9.Qxc3 Nf5 10.Bg3 d5 11.e3 Nd6 12.cxd5 exd5 13.Rc1 a6 14.Bd3 Qe7 15.
Qc2 g5 16.h3 h5 17.Bg6+ Kd8 18.Bf5 Re8 19.O-O Nxf5 20.Qxf5 Qe6 21.Qh7 Re7 
22.Qxh5 Qf5 23.Nh2 Kd7 24.Rc3 Rae8 25.Rfc1 Re6 26.Qg4 Qxg4 27.Nxg4 a5 28.
b4 axb4 29.axb4 Ba6 30.e4 Bc4 31.Rxc4 dxc4 32.d5 Rxe4 33.Nxf6+ Kc8 34.Nxe4
Nxb4 35.Rxc4 1-0

[Event "XIII American Continental"]
[Site "Montevideo URU"]
[Date "2018.06.04"]
[Round "5"]
[White "Da Silva Junior, Sediney Mari"]
[Black "Fernandez, Maria Florencia"]
[Result "1/2-1/2"]
[WhiteElo "1990"]
[BlackElo "2203"]
[EventDate "2018.06.01"]
[PlyCount "81"]

1.e4 e6 2.d4 d5 3.e5 c5 4.Nf3 Nc6 5.c3 cxd4 6.cxd4 Qb6 7.a3 Bd7 8.b4 Nh6 
9.Nc3 Nf5 10.Be3 Nxe3 11.fxe3 Be7 12.Na4 Qd8 13.Bd3 O-O 14.O-O Qe8 15.Nc3 
f6 16.e4 fxe5 17.exd5 Nxd4 18.Nxe5 Rxf1+ 19.Bxf1 Nf5 20.Nxd7 Qxd7 21.dxe6 
Qxe6 22.Qd5 Qxd5 23.Nxd5 Bg5 24.Bd3 Nd6 25.Re1 Rd8 26.Nc7 Bf6 27.Nb5 Nf7 
28.Bc4 Kf8 29.Nc7 Rc8 30.Ne6+ Kg8 31.Bd5 b6 32.b5 Kh8 33.Re2 Ne5 34.g3 h5 
35.Nf4 Rc5 36.a4 Kh7 37.Be4+ Kh6 38.Nd3 Rc3 39.Nxe5 Bxe5 40.Bc2 Bd4+ 41.
Kg2 1/2-1/2

[Event "XIII American Continental"]
[Site "Montevideo URU"]
[Date "2018.06.04"]
[Round "5"]
[White "Vazquez, Facundo"]
[Black "Cabrera Pando, Ramiro"]
[Result "0-1"]
[WhiteElo "1969"]
[BlackElo "2196"]
[EventDate "2018.06.01"]
[PlyCount "68"]

1.d4 d5 2.c4 e6 3.Nf3 c6 4.Nc3 dxc4 5.a4 Bb4 6.Bd2 a5 7.e3 b5 8.axb5 Bxc3 
9.Bxc3 cxb5 10.b3 Bb7 11.bxc4 b4 12.Bb2 Nf6 13.c5 O-O 14.Bb5 Bc6 15.Ba4 
Bxa4 16.Rxa4 Qd5 17.O-O Nc6 18.Ne1 e5 19.Nd3 Rfd8 20.f3 exd4 21.e4 Qc4 22.
Qe2 Qb5 23.Rfa1 Nd7 24.Qc2 Nde5 25.Nxe5 Nxe5 26.Bc1 Nc4 27.Qd3 Qxc5 28.
R4a2 Ne5 29.Qd1 d3+ 30.Kh1 Nc4 31.Bf4 Qb5 32.Bd2 b3 33.Ra4 Nxd2 34.Qxd2 b2
0-1

[Event "XIII American Continental"]
[Site "Montevideo URU"]
[Date "2018.06.04"]
[Round "5"]
[White "Cerda Albornoz, Guillermo"]
[Black "Chang, Suzana"]
[Result "1-0"]
[WhiteElo "2195"]
[BlackElo "1994"]
[EventDate "2018.06.01"]
[PlyCount "125"]

1.d4 Nf6 2.c4 e6 3.Nf3 Bb4+ 4.Bd2 Bxd2+ 5.Qxd2 d5 6.Nc3 O-O 7.e3 Nbd7 8.
Bd3 dxc4 9.Bxc4 c5 10.O-O b6 11.dxc5 Nxc5 12.Qxd8 Rxd8 13.Rfd1 Bb7 14.Ne5 
a6 15.a3 b5 16.Ba2 Ncd7 17.Nxd7 Rxd7 18.Rxd7 Nxd7 19.Rd1 Nf6 20.f3 Kf8 21.
e4 Ke7 22.Kf2 Rd8 23.Rxd8 Kxd8 24.Ke3 Kc7 25.Kd4 Nd7 26.f4 Kb6 27.g4 Nb8 
28.h4 Nc6+ 29.Ke3 Ne7 30.h5 Kc5 31.Ne2 Kd6 32.Nd4 g6 33.hxg6 hxg6 34.g5 
Bc6 35.Nf3 Be8 36.Ne5 Kc5 37.b4+ Kb6 38.Kd4 Kc7 39.Kc5 Nc8 40.Ng4 Bc6 41.
Ne5 Be8 42.Bb3 Ne7 43.Bc2 Nc8 44.Bd3 Nb6 45.Bc2 Na4+ 46.Kd4 Kd6 47.Nd3 Bd7
48.Bd1 Nb6 49.Bb3 Na8 50.f5 gxf5 51.exf5 Nc7 52.Ne5 exf5 53.Nxf7+ Ke7 54.
Nh6 Ne8 55.Ke5 Ng7 56.Bd5 Bc8 57.g6 Bd7 58.Bb7 f4 59.Ng8+ Kf8 60.Nf6 Bf5 
61.Bxa6 Bd3 62.a4 f3 63.Ng4 1-0

[Event "XIII American Continental"]
[Site "Montevideo URU"]
[Date "2018.06.04"]
[Round "5"]
[White "Ruggiero, Alvaro"]
[Black "Januario, Severino Pereira"]
[Result "0-1"]
[WhiteElo "1894"]
[BlackElo "2175"]
[EventDate "2018.06.01"]
[PlyCount "128"]

1.e4 c5 2.Nc3 e6 3.f4 a6 4.Nf3 Nc6 5.g3 d5 6.d3 Nf6 7.e5 Nd7 8.Bg2 b5 9.a3
Bb7 10.O-O g6 11.Kh1 Be7 12.d4 cxd4 13.Ne2 h5 14.h3 Nc5 15.Nfxd4 Ne4 16.
Bxe4 dxe4 17.Nxc6 Bxc6 18.Qxd8+ Rxd8 19.Be3 O-O 20.Rad1 b4 21.Nd4 Bb7 22.
axb4 Bxb4 23.c3 Be7 24.Ra1 Rd7 25.Rf2 Rc8 26.Kh2 Bc5 27.Rd2 Rd5 28.Kg1 f6 
29.exf6 Kf7 30.Rad1 Kxf6 31.Nc2 Be7 32.Bd4+ Kf7 33.Ne3 Rd7 34.Kf2 g5 35.
Be5 Rxd2+ 36.Rxd2 gxf4 37.Bxf4 Rd8 38.Rxd8 Bxd8 39.Nc4 Bd5 40.Ne5+ Ke8 41.
Be3 Bf6 42.Ng6 a5 43.Bh6 Kf7 44.Nf8 Bc6 45.Nh7 Be7 46.h4 Kg6 47.Bf8 Bd8 
48.Ng5 Bb6+ 49.Ke1 Bd5 50.b4 Kf5 51.Bc5 Bxc5 52.bxc5 e5 53.Kd2 a4 54.c6 
Bxc6 55.Nf7 a3 56.Kc2 e3 57.Nd6+ Kg4 58.Nc4 Ba4+ 59.Kb1 e2 60.Nxe5+ Kxg3 
61.Nd3 Bb3 62.Kc1 Bc4 63.Ne1 a2 64.Kb2 Kf2 0-1

[Event "XIII American Continental"]
[Site "Montevideo URU"]
[Date "2018.06.04"]
[Round "5"]
[White "Madeira, Wagner Martins"]
[Black "Nascimento, Pedro Henrique Alves"]
[Result "1/2-1/2"]
[WhiteElo "2171"]
[BlackElo "1979"]
[EventDate "2018.06.01"]
[PlyCount "96"]

1.e4 e6 2.d4 d5 3.Nc3 Bb4 4.Ne2 dxe4 5.a3 Be7 6.Nxe4 Nd7 7.g3 Ngf6 8.Nxf6+
Nxf6 9.Bg2 c5 10.O-O O-O 11.dxc5 Bxc5 12.b4 Be7 13.Bf4 Nd5 14.c4 Nxf4 15.
Nxf4 Qc7 16.Qb3 Bd7 17.Nd3 Bf6 18.Rac1 Bc6 19.b5 Bxg2 20.Kxg2 b6 21.Nb4 
Be7 22.Nc6 Bc5 23.Rcd1 a6 24.a4 axb5 25.cxb5 Rae8 26.f4 f6 27.Rfe1 Qf7 28.
Re2 g5 29.Qc4 gxf4 30.Qxf4 e5 31.Qg4+ Qg6 32.Qxg6+ hxg6 33.Rd5 Kf7 34.a5 
Ke6 35.Red2 Bd4 36.R5xd4 exd4 37.Nxd4+ Kd5 38.axb6 Kc5 39.b7 Kb6 40.Nf3 
Kxb7 41.g4 Kb6 42.g5 fxg5 43.Nxg5 Kxb5 44.Rd6 Kc5 45.Rxg6 Rg8 46.Rxg8 Rxg8
47.h4 Rh8 48.Kg3 Rxh4 1/2-1/2